[Event "39th Olympiad Women"]
[Site "Khanty-Mansiysk RUS"]
[Date "2010.10.03"]
[Round "11"]
[White "Mir Mahmoud, Afamia"]
[Black "Smith, Olivia"]
[Result "1-0"]
[BlackTitle "WFM"]
[WhiteElo "2014"]
[BlackElo "2002"]
[Board "42.1"]
[WhiteTeam "SYR"]
[BlackTeam "WLS"]
[WhiteFideId "7600674"]
[BlackFideId "411850"]
[EventDate "2010.09.21"]
[EventType "team"]

1. d4 Nf6 2. Nf3 d5 3. c4 dxc4 4. e3 Bg4 5. Bxc4 e6 6. O-O a6 7. Nc3 Nc6 8. b3
Bd6 9. Bb2 O-O 10. h3 Bh5 11. Be2 Re8 12. Rc1 Nd5 13. Ne4 f5 14. Nc5 Bxc5 15.
Rxc5 Qf6 16. a3 g5 17. Nh2 Bg6 18. Bf3 Rad8 19. Qe2 Re7 20. b4 h5 21. Bxh5 Bxh5
22. Qxh5 g4 23. hxg4 Rh7 24. g5 Qg7 25. Qf3 Qxg5 26. Qg3 Qxg3 27. fxg3 Nf6 28.
g4 Kf7 29. gxf5 Rdh8 30. fxe6+ Ke8 31. Rxf6 Rxh2 32. d5 Rh1+ 33. Kf2 Rb1 34. Bc3
Ne7 35. e4 Rg8 36. Rxc7 Rc1 37. d6 Rc2+ 38. Kf3 Rcxg2 39. Rxe7+ Kd8 40. Rf8+ 1-0

[Event "39th Olympiad Women"]
[Site "Khanty-Mansiysk RUS"]
[Date "2010.10.03"]
[Round "11"]
[White "Blackburn, Suzie G."]
[Black "Algildah, Nibal"]
[Result "1-0"]
[WhiteTitle "WFM"]
[WhiteElo "1939"]
[BlackElo "1932"]
[Board "42.2"]
[WhiteTeam "WLS"]
[BlackTeam "SYR"]
[WhiteFideId "414930"]
[BlackFideId "7600950"]
[EventDate "2010.09.21"]
[EventType "team"]

1. d4 d6 2. Nf3 g6 3. Bg5 Bg7 4. c3 Nd7 5. e3 Ngf6 6. Bd3 a6 7. Nbd2 c5 8. a4 d5
9. O-O O-O 10. b4 b6 11. a5 c4 12. Bc2 b5 13. e4 dxe4 14. Bxe4 Ra7 15. Re1 Qc7
16. Rc1 e6 17. Ne5 Nxe4 18. Nxe4 Bb7 19. Nxd7 Qxd7 20. Nf6+ Bxf6 21. Bxf6 Qd5
22. Qg4 h6 23. Re5 Qc6 24. Rh5 e5 25. dxe5 1-0

[Event "39th Olympiad Women"]
[Site "Khanty-Mansiysk RUS"]
[Date "2010.10.03"]
[Round "11"]
[White "Matoussi, Amina"]
[Black "Segarra Choe, Tammy"]
[Result "0-1"]
[BlackTitle "WFM"]
[WhiteElo "1772"]
[BlackElo "2014"]
[Board "43.1"]
[WhiteTeam "TUN"]
[BlackTeam "PUR"]
[WhiteFideId "5501164"]
[BlackFideId "3100936"]
[EventDate "2010.09.21"]
[EventType "team"]

1. e4 d6 2. d4 Nf6 3. Nc3 g6 4. f4 Bg7 5. Nf3 O-O 6. Be2 c5 7. dxc5 Qa5 8. O-O
Qxc5+ 9. Kh1 Nc6 10. h3 b5 11. Bxb5 Nxe4 12. Nxe4 Qxb5 13. a4 Qb4 14. Qe1 Qxe1
15. Rxe1 Nb4 16. Re2 Ba6 17. Rd2 Rac8 18. c3 Nd3 19. Nd4 Bxd4 20. cxd4 Rxc1+ 21.
Rxc1 Nxc1 22. b4 Rc8 23. b5 Bb7 24. Nf2 Rc3 25. a5 Nb3 26. Re2 e6 27. a6 Ba8 28.
Ne4 Bxe4 29. Rxe4 Rc4 30. Re1 Nxd4 31. Rb1 Nxb5 32. Rxb5 Ra4 33. Rb8+ Kg7 34.
Kg1 Rxa6 35. Kf2 Ra3 36. g3 a5 37. Ra8 a4 38. Rb8 Ra1 39. Kf3 a3 40. Ra8 a2 41.
Kg4 d5 0-1

[Event "39th Olympiad Women"]
[Site "Khanty-Mansiysk RUS"]
[Date "2010.10.03"]
[Round "11"]
[White "Pacheco Medina, Hilzandryly"]
[Black "Krifa, Najla"]
[Result "1-0"]
[BlackTitle "WFM"]
[WhiteElo "1875"]
[BlackElo "1794"]
[Board "43.2"]
[WhiteTeam "PUR"]
[BlackTeam "TUN"]
[WhiteFideId "3100480"]
[BlackFideId "5501040"]
[EventDate "2010.09.21"]
[EventType "team"]

1. d4 d5 2. c4 e6 3. Nc3 Nf6 4. Bg5 Be7 5. e3 c6 6. Nf3 Nbd7 7. cxd5 exd5 8. Bd3
O-O 9. O-O Re8 10. Rc1 Ne4 11. Bxe7 Qxe7 12. Bb1 f5 13. a3 Rf8 14. Qd3 Rf6 15.
Ba2 Kh8 16. b4 a6 17. Rc2 Nxc3 18. Rxc3 Qe4 19. Qd2 Rg6 20. Qe2 Qg4 21. g3 Nf6
22. Rfc1 Be6 23. R3c2 Rh6 24. h4 Qg6 25. Ne5 Qe8 26. Kg2 Qe7 27. Bb1 Rf8 28. Rh1
Nh5 29. f4 Nf6 30. Rcc1 Qe8 31. Bd3 Nd7 32. Nf3 Nf6 33. Ne5 Nd7 34. a4 Nb8 35.
b5 axb5 36. axb5 cxb5 37. Bxb5 Qe7 38. Rc3 Bg8 39. Rhc1 Na6 40. Rc8 Rb6 41. Rxf8
Qxf8 42. Nd7 Qd8 43. Nxb6 Qxb6 44. Bxa6 Qxa6 45. Qxa6 bxa6 46. Ra1 h6 47. Kf3
Kh7 48. Rxa6 h5 49. Ke2 Bf7 50. Rd6 g6 51. Kd2 Kg7 52. Kc3 Kf8 53. Kb4 Ke7 54.
Kc5 1-0

[Event "39th Olympiad Women"]
[Site "Khanty-Mansiysk RUS"]
[Date "2010.10.03"]
[Round "11"]
[White "Marzouk, Amira"]
[Black "Sanchez Rodriguez, Wilmairi"]
[Result "0-1"]
[WhiteTitle "WCM"]
[WhiteElo "1745"]
[BlackElo "1812"]
[Board "43.3"]
[WhiteTeam "TUN"]
[BlackTeam "PUR"]
[WhiteFideId "5501148"]
[BlackFideId "3101185"]
[EventDate "2010.09.21"]
[EventType "team"]

1. e4 c5 2. Nf3 d6 3. c3 Nc6 4. d4 cxd4 5. cxd4 Nf6 6. Be2 Nxe4 7. d5 Qa5+ 8.
Nc3 Nxc3 9. bxc3 Ne5 10. Nxe5 Qxc3+ 11. Bd2 Qxe5 12. O-O Qxd5 13. Bf3 Qb5 14.
Rc1 g6 15. Rc7 Bg7 16. Qc2 Bf5 17. Be4 O-O 18. Rb1 Bxe4 19. Qxe4 Qa6 20. Rbxb7
Qxa2 21. Qe1 a5 22. Rxe7 a4 23. Bb4 Qd5 24. Ba3 Bf6 25. Red7 Rae8 26. Qb1 Bc3
27. Bxd6 Qd2 28. Be7 Qe2 29. Qd1 Rxe7 0-1

[Event "39th Olympiad Women"]
[Site "Khanty-Mansiysk RUS"]
[Date "2010.10.03"]
[Round "11"]
[White "Vazquez Maccarini, Danitza"]
[Black "Matoussi, Amani"]
[Result "0-1"]
[WhiteTitle "WFM"]
[WhiteElo "1818"]
[BlackElo "1545"]
[Board "43.4"]
[WhiteTeam "PUR"]
[BlackTeam "TUN"]
[WhiteFideId "3101193"]
[BlackFideId "5501156"]
[EventDate "2010.09.21"]
[EventType "team"]

1. e4 e5 2. Nf3 Nf6 3. Nxe5 d6 4. Nf3 Nxe4 5. c3 d5 6. Bd3 Bd6 7. Bxe4 dxe4 8.
Qa4+ Nc6 9. Qxe4+ Qe7 10. Qxe7+ Bxe7 11. d4 Bg4 12. Nbd2 O-O-O 13. O-O h5 14. h3
Bf5 15. b4 Bf6 16. Bb2 g5 17. b5 Ne7 18. Rfe1 g4 19. Ne5 Be6 20. hxg4 hxg4 21.
c4 Rh5 22. d5 Rdh8 23. Kf1 Bf5 24. Ke2 Ng6 25. Nxg6 Re8+ 26. Kd1 Rxe1+ 27. Kxe1
Bxb2 28. Rd1 Bxg6 29. Ke2 Re5+ 30. Kf1 Bc2 31. Re1 Rxe1+ 32. Kxe1 Bc3 33. Ke2
Bxd2 34. Kxd2 Be4 35. g3 Kd7 36. Ke3 f5 37. a4 c6 38. dxc6+ bxc6 39. c5 Kc7 40.
bxc6 Kxc6 41. Kd4 a5 42. Kc4 Bc2 43. Kd4 Bxa4 44. Kc4 Bb5+ 45. Kd4 a4 46. Ke5
Bd3 47. Kd4 Bb1 48. Kc4 a3 49. Kb3 a2 50. Kb2 Kxc5 51. Ka1 Kd4 52. Kb2 Kd3 53.
Ka1 Ke2 54. f4 gxf3 55. g4 f2 56. g5 f1=Q 57. g6 Qc1 58. g7 Qc3# 0-1

[Event "39th Olympiad Women"]
[Site "Khanty-Mansiysk RUS"]
[Date "2010.10.03"]
[Round "11"]
[White "Emad, Tania"]
[Black "Awad, Omaima"]
[Result "0-1"]
[BlackTitle "WCM"]
[WhiteElo "1955"]
[BlackElo "1669"]
[Board "44.1"]
[WhiteTeam "JOR"]
[BlackTeam "YEM"]
[WhiteFideId "8102007"]
[BlackFideId "9400117"]
[EventDate "2010.09.21"]
[EventType "team"]

1. d4 Nf6 2. Nf3 g6 3. Bg5 d6 4. e3 Bg7 5. Be2 O-O 6. O-O Nbd7 7. Nbd2 c5 8. c3
b6 9. a4 Bb7 10. Qb3 a6 11. Rfd1 Qc7 12. h3 Rad8 13. Bf4 cxd4 14. exd4 Qc6 15.
Bf1 Rc8 16. Re1 e6 17. Nc4 Ne8 18. Nfd2 d5 19. Ne5 Nxe5 20. Bxe5 Bxe5 21. Rxe5
Nf6 22. Re3 Qd6 23. Nf3 Nd7 24. Qd1 f6 25. Qe2 Rce8 26. Re1 Kf7 27. Nh2 e5 28.
Ng4 e4 29. Rg3 f5 30. Nh6+ Kg7 31. Qh5 Qf6 32. f4 a5 33. Qg5 Bc6 34. b3 Rc8 35.
Be2 Kh8 0-1

[Event "39th Olympiad Women"]
[Site "Khanty-Mansiysk RUS"]
[Date "2010.10.03"]
[Round "11"]
[White "Abdulsalam, Nadhmia"]
[Black "Alattar, Ghayda M."]
[Result "0-1"]
[WhiteTitle "WCM"]
[BlackTitle "WFM"]
[WhiteElo "1586"]
[BlackElo "1891"]
[Board "44.2"]
[WhiteTeam "YEM"]
[BlackTeam "JOR"]
[WhiteFideId "9400877"]
[BlackFideId "8101531"]
[EventDate "2010.09.21"]
[EventType "team"]

1. d4 Nf6 2. Nf3 d5 3. e3 e6 4. Bd3 c5 5. c3 Bd6 6. Nbd2 Nbd7 7. O-O O-O 8. Qe2
Qc7 9. h3 e5 10. dxe5 Nxe5 11. Nxe5 Bxe5 12. e4 dxe4 13. Nxe4 Nxe4 14. Qxe4 f5
15. Qd5+ Kh8 16. Re1 Bd6 17. Bg5 Rb8 18. Re2 b5 19. Rae1 Qd7 20. Kh1 Bb7 21. Qe6
Qc6 22. f3 Bc8 23. Qe8 Bd7 24. Qh5 Bg3 25. Rd1 Be8 26. Rxe8 Rbxe8 27. Bc1 Qd5
28. Bc2 Qxd1+ 0-1

[Event "39th Olympiad Women"]
[Site "Khanty-Mansiysk RUS"]
[Date "2010.10.03"]
[Round "11"]
[White "Gameel, Amal"]
[Black "Boshra, Alshaeby"]
[Result "0-1"]
[WhiteTitle "WFM"]
[WhiteElo "1784"]
[BlackElo "1798"]
[Board "44.4"]
[WhiteTeam "YEM"]
[BlackTeam "JOR"]
[WhiteFideId "9400150"]
[BlackFideId "8102937"]
[EventDate "2010.09.21"]
[EventType "team"]

1. e4 c5 2. Nf3 Nc6 3. d4 cxd4 4. Nxd4 e5 5. Nf3 Nf6 6. Bd3 d5 7. exd5 Nxd5 8.
Be4 Be6 9. O-O Bc5 10. a3 a5 11. Ng5 Nf4 12. Bxf4 Qxd1 13. Bxc6+ bxc6 14. Rxd1
exf4 15. Nxe6 fxe6 16. Nc3 Rb8 17. Ne4 Bb6 18. Rd6 Ke7 19. Rxc6 Rhd8 20. Kf1 Rd5
21. b3 Kd7 22. Rc4 Bd4 23. Rd1 Bb2 24. Nd2 e5 25. a4 Rb6 26. Rb1 Rxd2 27. Rxb2
Rbd6 28. Rb1 Rc6 29. Rxc6 Kxc6 30. Re1 Kd5 31. c4+ Kd4 32. Rc1 Kc5 33. Re1 Kd4
34. f3 Rb2 35. Re4+ Kc3 36. Rxe5 Rxb3 37. c5 Kd4 38. Re4+ Kxc5 39. Rxf4 Rb4 40.
Rf5+ Kb6 41. Rf7 Rxa4 42. Rxg7 Rh4 43. h3 a4 44. Re7 a3 45. Re2 Ra4 46. Ra2 Kb5
47. Kf2 Kb4 48. g4 Kb3 49. Ra1 Kb2 50. Rxa3 Kxa3 51. Kg3 Kb4 52. Kf4 Kc5+ 53.
Kg5 Ra3 54. Kf4 Kd5 55. g5 Ra4+ 56. Kf5 Rh4 57. f4 Kd6 58. g6 hxg6+ 59. Kxg6
Rxh3 60. f5 Rf3 61. Kf6 Rf2 62. Kg6 Ke5 0-1

[Event "39th Olympiad Women"]
[Site "Khanty-Mansiysk RUS"]
[Date "2010.10.03"]
[Round "11"]
[White "Basnayake, I.U."]
[Black "Saleh, Nora Mohd"]
[Result "1/2-1/2"]
[BlackTitle "WIM"]
[WhiteElo "1746"]
[BlackElo "1906"]
[Board "45.1"]
[WhiteTeam "SRI"]
[BlackTeam "UAE"]
[WhiteFideId "9901698"]
[BlackFideId "9301607"]
[EventDate "2010.09.21"]
[EventType "team"]

1. e4 c5 2. c3 d5 3. exd5 Qxd5 4. d4 Nf6 5. Nf3 e6 6. Be2 Be7 7. O-O O-O 8. h3
cxd4 9. cxd4 Qd8 10. Nc3 Nc6 11. Be3 Nb4 12. a3 Nbd5 13. Bd2 Bd7 14. Ne5 Rc8 15.
Bf3 Bc6 16. Rb1 Qb6 17. Nxd5 Bxd5 18. Bxd5 exd5 19. Bg5 Rfe8 20. Re1 Ne4 21. Be3
Bf8 22. f3 Nd6 23. Bf2 Rc7 24. Qd2 Rec8 25. Rec1 f6 26. Rxc7 Qxc7 27. Nd3 Qc2
28. Rd1 Nb5 29. Qe1 Qc6 30. Rc1 Qd7 31. Rxc8 Qxc8 32. Nf4 Qd7 33. Qe2 Qc6 34.
Qe1 Kf7 35. g4 Nc7 36. Qd1 g6 37. Kg2 Bd6 38. Ne2 Ne6 39. Qd2 Kg7 40. Be3 Bc7
41. Bf2 Qd6 42. Bg3 Qc6 43. Bf2 Qd6 44. Bg3 Qc6 1/2-1/2

[Event "39th Olympiad Women"]
[Site "Khanty-Mansiysk RUS"]
[Date "2010.10.03"]
[Round "11"]
[White "Al-Zarouni, Kholoud Essa"]
[Black "Senanayake, P.R."]
[Result "0-1"]
[WhiteTitle "WFM"]
[BlackTitle "WFM"]
[WhiteElo "1890"]
[BlackElo "1858"]
[Board "45.2"]
[WhiteTeam "UAE"]
[BlackTeam "SRI"]
[WhiteFideId "9301194"]
[BlackFideId "9900934"]
[EventDate "2010.09.21"]
[EventType "team"]

1. e4 c5 2. c3 d5 3. exd5 Qxd5 4. d4 e6 5. Nf3 Nf6 6. Na3 Nc6 7. Nb5 Qd8 8. dxc5
Bxc5 9. Qxd8+ Kxd8 10. Bg5 Ke7 11. Nc7 Rb8 12. Bf4 Nh5 13. Nxe6 Bxe6 14. Bxb8
Rxb8 15. Ng5 Bf5 16. Rd1 Nf6 17. Bd3 Bxd3 18. Rxd3 Ne5 19. Rd2 h6 20. Re2 Kd6
21. Rd2+ Kc7 22. Nh3 Re8 23. O-O Nc4 24. Rc2 Rd8 25. Re2 g5 26. b3 Nb6 27. b4
Bd6 28. f4 g4 29. Nf2 Nbd5 30. g3 Kb8 31. Rc1 Rc8 32. Rec2 Ne3 33. Re2 Nfd5 34.
a3 Nc4 35. Nxg4 h5 36. Nh6 Nxf4 37. gxf4 Bxf4 38. Rf1 Bxh6 39. Rxf7 Be3+ 40. Kf1
Rg8 41. Rg2 Nd2+ 42. Ke2 Rxg2+ 43. Kxe3 Nc4+ 44. Kd4 Nxa3 45. Kd5 Rd2+ 46. Ke6
Rxh2 47. Kd7 Rd2+ 48. Ke6 a6 0-1

[Event "39th Olympiad Women"]
[Site "Khanty-Mansiysk RUS"]
[Date "2010.10.03"]
[Round "11"]
[White "Premanath, Dinushki"]
[Black "Al-Harmoudi, Mona"]
[Result "1-0"]
[BlackTitle "WIM"]
[WhiteElo "1853"]
[BlackElo "1821"]
[Board "45.3"]
[WhiteTeam "SRI"]
[BlackTeam "UAE"]
[WhiteFideId "9903542"]
[BlackFideId "9301631"]
[EventDate "2010.09.21"]
[EventType "team"]

1. e4 d5 2. exd5 Nf6 3. d4 Nxd5 4. Nf3 g6 5. Be2 Bg7 6. O-O O-O 7. c4 Nb6 8. h3
Nc6 9. d5 Ne5 10. Nxe5 Bxe5 11. Nc3 e6 12. Bh6 Re8 13. Qd2 exd5 14. cxd5 c6 15.
Rad1 cxd5 16. Nxd5 Nxd5 17. Qxd5 Qxd5 18. Rxd5 Bxb2 19. Bb5 Be6 20. Rd2 Bc3 21.
Bxe8 Bxd2 22. Bxf7+ Bxf7 23. Bxd2 Bxa2 24. Rc1 b5 25. Rc7 Bc4 26. Bc3 Bf7 27.
Rb7 a6 28. Kf1 Rc8 29. Bb2 a5 30. Ke1 Re8+ 31. Kd2 Rd8+ 32. Ke3 Re8+ 33. Kf4 Re2
34. Rxb5 Rxf2+ 35. Ke3 Be8 36. Rb8 Rxb2 37. Rxb2 h6 38. Rb7 Bc6 39. Rb6 Be8 40.
Ra6 a4 41. Ra7 g5 42. Kd4 Bc6 43. g3 h5 44. Ra5 g4 45. Rxh5 gxh3 46. Rxh3 Bd7
47. Rh6 Kg7 48. Ra6 Kf7 49. Ke5 Bb5 50. Rb6 Be2 51. Kf4 a3 52. Rb7+ Kg6 53. Ra7
a2 54. Rxa2 Bc4 55. Ra5 Bb3 56. g4 Bc4 57. Rc5 Ba2 58. Rc6+ Kg7 59. Kg5 Bd5 60.
Rc7+ Kh8 61. Kh6 Ba2 62. g5 Bd5 63. g6 Be6 64. Re7 1-0

[Event "39th Olympiad Women"]
[Site "Khanty-Mansiysk RUS"]
[Date "2010.10.03"]
[Round "11"]
[White "Nouman, Amna"]
[Black "Ranasinghe, S.D."]
[Result "0-1"]
[WhiteTitle "WFM"]
[WhiteElo "1752"]
[BlackElo "1822"]
[Board "45.4"]
[WhiteTeam "UAE"]
[BlackTeam "SRI"]
[WhiteFideId "9301500"]
[BlackFideId "9902651"]
[EventDate "2010.09.21"]
[EventType "team"]

1. e4 c5 2. Nf3 Nc6 3. d4 cxd4 4. Nxd4 a6 5. Nc3 e5 6. Nf3 Bb4 7. Bc4 Nf6 8. O-O
O-O 9. Re1 d6 10. h3 h6 11. a3 Bc5 12. Be3 b5 13. Bd5 Nxd5 14. Qxd5 Bxe3 15.
Qxc6 Rb8 16. Rad1 Bd4 17. Qd5 Be6 18. Qc6 Rb6 19. Nxd4 exd4 0-1

[Event "39th Olympiad Women"]
[Site "Khanty-Mansiysk RUS"]
[Date "2010.10.03"]
[Round "11"]
[White "Mudongo, Boikhutso"]
[Black "Rocha, Valquiria"]
[Result "0-1"]
[WhiteTitle "WFM"]
[WhiteElo "1876"]
[BlackElo "1799"]
[Board "46.3"]
[WhiteTeam "BOT"]
[BlackTeam "ANG"]
[WhiteFideId "11300230"]
[BlackFideId "10100466"]
[EventDate "2010.09.21"]
[EventType "team"]

1. e4 e5 2. Nf3 Nc6 3. Bb5 a6 4. Ba4 b5 5. Bb3 d6 6. h3 Nf6 7. d3 h6 8. c3 Be7
9. O-O O-O 10. Re1 Nh7 11. Nbd2 Bf6 12. Nf1 Ne7 13. d4 Ng6 14. Ng3 Re8 15. Qd3
Be6 16. Bc2 Bg5 17. Nxg5 Nxg5 18. Nh5 Nh7 19. Qg3 Nf6 20. Nxf6+ Qxf6 21. Be3
Rab8 22. d5 Bd7 23. Rad1 c6 24. Bc1 Red8 25. Re3 Nf4 26. Ree1 Ng6 27. dxc6 Bxc6
28. Bb3 Bd7 29. Rd3 Be6 30. Bxe6 Qxe6 31. b3 f5 32. exf5 Qxf5 33. Red1 Qe6 34.
Be3 d5 35. Qg4 Qc6 36. Qb4 e4 37. R3d2 Rbc8 38. Bd4 Nh4 39. Qe7 Nf5 40. Qe5 Qg6
41. Be3 Nh4 42. Qg3 Qxg3 43. fxg3 Nf5 44. Bb6 Re8 45. g4 Ne7 46. Ba5 Nc6 47. Bb6
Ne7 48. Ba5 Rc6 49. Bb4 Rcc8 50. Bxe7 Rxe7 51. Rxd5 Rxc3 52. R1d2 e3 53. Re2
Rc1+ 54. Kh2 Rc3 55. Rf5 Rd7 56. Rf3 Rd2 57. Rfxe3 Rxe2 58. Rxe2 Kf7 59. Rf2+
Ke6 60. Rf3 Rc2 61. a4 bxa4 62. bxa4 Rc4 63. a5 Rc5 64. Ra3 Kd6 65. h4 Kc6 66.
Kg3 Kb5 67. Kf4 g6 68. g3 Kb4 69. Ra1 Rxa5 70. Rxa5 Kxa5 71. Ke5 Kb4 72. Kf6 a5
73. Kxg6 a4 74. Kxh6 a3 75. g5 a2 76. g6 a1=Q 77. g7 Qf6+ 78. Kh7 Qf5+ 79. Kh6
Qf6+ 80. Kh7 Qf5+ 81. Kh6 Qf7 82. Kh7 Qh5+ 83. Kg8 Kc5 84. Kf8 Qf5+ 85. Ke7 Qg6
86. Kf8 Qf6+ 87. Kg8 Kd6 88. Kh7 Qf7 89. g4 Ke6 90. h5 Kf6 0-1

[Event "39th Olympiad Women"]
[Site "Khanty-Mansiysk RUS"]
[Date "2010.10.03"]
[Round "11"]
[White "Amadasun, Rosemary"]
[Black "Kareen, Jalaluldeen"]
[Result "1-0"]
[BlackTitle "WCM"]
[WhiteElo "1900"]
[BlackElo "1790"]
[Board "47.3"]
[WhiteTeam "NGR"]
[BlackTeam "IRQ"]
[WhiteFideId "8500983"]
[BlackFideId "4801776"]
[EventDate "2010.09.21"]
[EventType "team"]

1. e4 e6 2. d4 d5 3. Nd2 c5 4. exd5 Qxd5 5. dxc5 Bxc5 6. Ngf3 Nc6 7. Bc4 Qd8 8.
O-O Nf6 9. Qe2 O-O 10. Nb3 Bb6 11. Bg5 h6 12. Rad1 Qe7 13. Bh4 Bc7 14. c3 b6 15.
Nbd4 Bb7 16. Nxc6 Bxc6 17. Nd4 Bb7 18. Nf5 Qc5 19. Nxh6+ Kh8 20. Bxf6 gxf6 21.
Ng4 Qg5 22. Rd3 Kg7 23. Rd7 Rac8 24. Rfd1 f5 25. Ne3 Bxh2+ 26. Kxh2 Qh4+ 27. Kg1
Rh8 28. Nxf5+ exf5 29. Rxf7+ Kg6 30. Rd6+ Kg5 31. Qe3+ Kh5 32. Rxf5+ 1-0

[Event "39th Olympiad Women"]
[Site "Khanty-Mansiysk RUS"]
[Date "2010.10.03"]
[Round "11"]
[White "Taweesupmun, Chanida"]
[Black "Chen, I-Chen"]
[Result "0-1"]
[WhiteElo "1904"]
[BlackElo "1699"]
[Board "48.1"]
[WhiteTeam "THA"]
[BlackTeam "TPE"]
[WhiteFideId "6200117"]
[BlackFideId "16300181"]
[EventDate "2010.09.21"]
[EventType "team"]

1. d4 Nf6 2. Nf3 d5 3. c4 e6 4. Nc3 Nbd7 5. e3 Be7 6. Bd3 O-O 7. O-O b6 8. cxd5
exd5 9. Bd2 a6 10. Rc1 Bd6 11. e4 dxe4 12. Nxe4 Be7 13. Qc2 Bb7 14. Nxf6+ Nxf6
15. Be3 Rc8 16. Ne5 Qd5 17. Nc6 Bd6 18. Be2 Rfe8 19. Bf3 Ne4 20. Ne5 Bxe5 21.
dxe5 Qxe5 22. Rfd1 c5 23. g3 Qe6 24. Bg2 a5 25. a3 h6 26. Rd3 Ba6 27. Rdd1 Nd6
28. Bf4 Rcd8 29. Bd5 Qf6 30. Rd2 Nf5 31. Be3 Nxe3 32. fxe3 Rxe3 33. Rf2 Qd4 34.
Bxf7+ Kh8 35. Bc4 Bb7 36. Rcf1 Be4 37. Qc1 Rf3 38. Be2 Rf6 39. Qc3 Rxf2 40. Rxf2
Bd3 41. Qxd4 Rxd4 42. Rf8+ Kh7 43. Kf2 c4 44. Rb8 Rd6 45. Bxd3+ cxd3 46. Ke1 Kg6
47. Rb7 Kf6 48. Kd2 g5 49. Rh7 Kf5 50. h3 Ke4 51. Re7+ Kf3 52. Re3+ Kg2 53. g4
a4 54. Re4 b5 55. Re3 Rd5 56. Kd1 Rd6 57. Kd2 Rf6 58. Rxd3 Rf3 59. Rd6 Rxh3 60.
Ke2 Rb3 61. Rxh6 Rxb2+ 62. Kd1 Kg3 0-1

[Event "39th Olympiad Women"]
[Site "Khanty-Mansiysk RUS"]
[Date "2010.10.03"]
[Round "11"]
[White "Salim-Moussa, Seydi"]
[Black "Oh, Minah"]
[Result "1-0"]
[WhiteElo "1842"]
[BlackElo "1517"]
[Board "51.4"]
[WhiteTeam "AHO"]
[BlackTeam "KOR"]
[WhiteFideId "7500440"]
[BlackFideId "13201239"]
[EventDate "2010.09.21"]
[EventType "team"]

1. e4 e5 2. Nf3 Nc6 3. Bc4 Bc5 4. O-O Nf6 5. Re1 O-O 6. h3 Re8 7. c3 d5 8. exd5
Nxd5 9. d4 Nb6 10. Bb5 exd4 11. Rxe8+ Qxe8 12. cxd4 Qd8 13. Bxc6 bxc6 14. Nc3
Be7 15. Ne5 Bb7 16. Be3 h6 17. Qf3 Qe8 18. Ne2 Rd8 19. Rd1 Bf6 20. Ng4 Rd6 21.
Bxh6 Nd5 22. Be3 c5 23. Ng3 Nxe3 24. Qxe3 Qxe3 25. Nxf6+ gxf6 26. fxe3 cxd4 27.
exd4 c5 28. Nf5 Rd8 29. Kf2 Be4 30. Ng3 Bg6 31. d5 a5 32. d6 Kf8 33. Ke3 a4 34.
Rd5 c4 35. Kd4 Bb1 36. a3 Ke8 37. Nh5 Kd7 38. Nxf6+ Ke6 39. Ne4 Bxe4 40. Kxe4
Kd7 41. Rc5 Rb8 42. Kd5 Rxb2 43. g4 Rb3 44. Rxc4 Rxa3 45. Rc7+ Ke8 46. Kc6 Rc3+
47. Kb7 Rxh3 48. Kc8 1-0

[Event "39th Olympiad Women"]
[Site "Khanty-Mansiysk RUS"]
[Date "2010.10.03"]
[Round "11"]
[White "Emhemed, Inas"]
[Black "Naipal, Ekaterina"]
[Result "0-1"]
[WhiteTitle "WCM"]
[WhiteElo "1493"]
[BlackElo "1766"]
[Board "52.2"]
[WhiteTeam "LBA"]
[BlackTeam "SUR"]
[WhiteFideId "9200789"]
[BlackFideId "8200629"]
[EventDate "2010.09.21"]
[EventType "team"]

1. d4 Nf6 2. c4 g6 3. Nc3 d5 4. Bf4 Bg7 5. Nf3 e6 6. e3 O-O 7. Bd3 dxc4 8. Bxc4
a6 9. O-O Nbd7 10. Ne5 Nb6 11. Bb3 Nbd5 12. Nxd5 exd5 13. Qc2 Qe7 14. Nd3 c6 15.
Nc5 Bf5 16. Qe2 Ne4 17. Nxe4 Bxe4 18. Bc2 Rae8 19. Rac1 Bxc2 20. Qxc2 f5 21. h3
Rf7 22. a3 Qe4 23. Qxe4 Rxe4 24. Rfe1 Rfe7 25. Rc3 Rxf4 26. Rd1 Rfe4 27. g3 g5
28. Rcd3 f4 29. gxf4 gxf4 30. exf4 Rxf4 31. R1d2 Rfe4 32. b4 Re2 33. Rxe2 Rxe2
34. Re3 Rxe3 35. fxe3 Kf7 36. Kf2 Ke6 37. Kf3 Kf5 0-1

[Event "39th Olympiad Women"]
[Site "Khanty-Mansiysk RUS"]
[Date "2010.10.03"]
[Round "11"]
[White "Dos Ramos, Rosangela"]
[Black "Abdulgader, Amira"]
[Result "1-0"]
[WhiteElo "1733"]
[BlackElo "1509"]
[Board "52.3"]
[WhiteTeam "SUR"]
[BlackTeam "LBA"]
[WhiteFideId "8200521"]
[BlackFideId "9200746"]
[EventDate "2010.09.21"]
[EventType "team"]

1. e4 c6 2. d4 d5 3. exd5 cxd5 4. Bd3 Nc6 5. Nf3 Nf6 6. O-O Bg4 7. c3 e6 8. Bf4
Be7 9. Nbd2 O-O 10. Qc2 h6 11. Rfe1 Rc8 12. a3 Bxf3 13. Nxf3 Nh5 14. Bd2 Bd6 15.
Qd1 Nf6 16. Ne5 Nd7 17. Nxd7 Qxd7 18. Qh5 f5 19. Bxh6 gxh6 20. Qg6+ Kh8 21. Rxe6
Bf4 22. Bxf5 Qf7 23. Qxf7 Rxf7 24. Rxh6+ Bxh6 25. Bxc8 Re7 26. Kf1 Kg7 27. Re1
b6 28. Rd1 Na5 29. Ba6 Kf6 30. g3 Nc6 31. Bb5 Nd8 32. b3 Bf8 33. a4 Rc7 34. c4
dxc4 35. bxc4 Nb7 36. h4 Nd6 37. Rc1 Kf5 38. f3 Bg7 39. d5 Ke5 40. Ke2 Nf5 41.
Kf2 Bf8 42. Re1+ Kf6 43. f4 Rg7 44. Re6+ Kf7 45. Be8+ Kg8 46. Rg6 Bc5+ 47. Kf3
Nd6 48. Rxg7+ Kxg7 49. Bb5 Kg6 50. g4 Kh6 51. f5 Nf7 52. Ke4 Bf2 53. g5+ Kg7 54.
g6 Nd8 55. h5 Bg3 56. Be8 Nb7 57. Kf3 Bh2 58. Kg4 Bc7 59. f6+ Kxf6 60. h6 Be5
61. g7 Ke7 62. g8=Q 1-0

[Event "39th Olympiad Women"]
[Site "Khanty-Mansiysk RUS"]
[Date "2010.10.03"]
[Round "11"]
[White "Siddiqui, Nida Mishraz"]
[Black "Duron Godoy, Sari Esther"]
[Result "1/2-1/2"]
[BlackTitle "WCM"]
[WhiteElo "1796"]
[BlackElo "1905"]
[Board "55.1"]
[WhiteTeam "PAK"]
[BlackTeam "HON"]
[WhiteFideId "7800495"]
[BlackFideId "8400121"]
[EventDate "2010.09.21"]
[EventType "team"]

1. e4 e5 2. Nf3 Nc6 3. Bb5 d6 4. Nc3 Nf6 5. d3 Bg4 6. h3 Bd7 7. Bg5 Be7 8. Bxf6
Bxf6 9. Nd5 O-O 10. O-O a6 11. Bxc6 Bxc6 12. Nxf6+ Qxf6 13. Re1 Rfe8 1/2-1/2